000 00624cab a2200193 4500
001 X87193
008 090401t1998 xxu||||| |||| 00| 0 eng d
035 _a(Sirsi) u87193
041 _aeng
245 4 _aThe digital earth. Understanding our planet in the 21st century
260 _c1998
350 _a0
490 _aAustralian Surveyor
_v43(2) June 1998, 89-91(3)
520 _aText of speech by the Vice-President of the United States, Al Gore, on the new age of spatial information, The Digital Earth.
650 _aSPATIAL INFORMATION
690 _aMAPPING AND MEASUREMENT
942 _n0
948 _c03/07/1998
999 _c54976
_d54976